Mould contamination of rubber (Record no. 63300)

MARC details
000 -LEADER
fixed length control field 00393nam a2200145Ia 4500
100 ## - MAIN ENTRY--AUTHOR NAME
Personal name Dayaratne W C
245 #0 - TITLE STATEMENT
Title Mould contamination of rubber
260 ## - PUBLICATION, DISTRIBUTION, ETC. (IMPRINT)
Name of publisher Rubber Research Institute of Ceylon Quarterly Journal
Year of publication 1971
300 ## - PHYSICAL DESCRIPTION
Number of Pages 136-146
650 ## - SUBJECT ADDED ENTRY--TOPICAL TERM
Topical Term Mould contamination
650 ## - SUBJECT ADDED ENTRY--TOPICAL TERM
Topical Term Rubber
700 ## - ADDED ENTRY--PERSONAL NAME
Personal name Munasinghe H L
942 ## - ADDED ENTRY ELEMENTS (KOHA)
Koha item type Journals
Holdings
Withdrawn status Lost status Damaged status Not for loan Home library Current library Shelving location Date acquired Serial Enumeration / chronology Koha item type
      Journals RRII Library RRII Library Pathology 17/12/2021 Volume 48, Issue 02-Jan Journals